000 00866nam a22002297a 4500
005 20180611163902.0
010 _aB-688708-709
020 _a9788123779737
_c150.00
035 _aEN-102890
035 _aB-688708-709
037 _bBookwell
_adpl
037 _bDBAD/PUB
082 _a530.0954
100 _aDongre,Narayan Gopal
245 _aPhysics in ancient india /
_cby Narayan Gopal Dongre [and] Shankar Gopal Nene
260 _bNational Book Trust
_c2016
_aNew Delhi
270 _aNehru Bhawan, 5 Institutional Area, phase-II Vasant Kunj
_bNew Delhi
_e110070
300 _axx,110p.
_c22cm(pbk)
_bill.
700 _aShankar Gopal Nene
942 _2ddc
_cEN
_h530.0954
_mDON
999 _c142665
_d142665